Deconstructing developmental psychology (Record no. 233871)

MARC details
000 -LEADER
fixed length control field 02617nam a22002177a 4500
005 - DATE AND TIME OF LATEST TRANSACTION
control field 20250222110712.0
008 - FIXED-LENGTH DATA ELEMENTS--GENERAL INFORMATION
fixed length control field 250222b ||||| |||| 00| 0 eng d
020 ## - INTERNATIONAL STANDARD BOOK NUMBER
International Standard Book Number 9780367240448
040 ## - CATALOGING SOURCE
Transcribing agency AL
041 ## - LANGUAGE CODE
Language code of text/sound track or separate title eng
082 ## - DEWEY DECIMAL CLASSIFICATION NUMBER
Edition number 23
Classification number 155
Item number BURD
100 ## - MAIN ENTRY--PERSONAL NAME
Personal name Erica Burman
9 (RLIN) 201964
245 ## - TITLE STATEMENT
Title Deconstructing developmental psychology
250 ## - EDITION STATEMENT
Edition statement 3rd ed.
260 ## - PUBLICATION, DISTRIBUTION, ETC.
Place of publication, distribution, etc. London
Name of publisher, distributor, etc. Routledge Taylor and Francis Group
Date of publication, distribution, etc. 2023
300 ## - PHYSICAL DESCRIPTION
Extent xii,369p.
Other physical details PB
Dimensions 24.1x17cm.
365 ## - TRADE PRICE
Source of price type code General
Price type code 6385
Price amount ₹1596.00
Currency code
Unit of pricing ₹1995.00
Price note 20%
Price effective from 06-02-2025
520 ## - SUMMARY, ETC.
Summary, etc. In this completely revised and updated edition, Deconstructing developmental psychology interrogates the assumptions and practices surrounding the psychology of child development, providing a critical evaluation of the role and contribution of developmental psychology within social practice. Since the second edition was published, there have been many major changes. This book addresses how shifts in advanced capitalism have produced new understandings of children and a new (and more punitive) range of institutional responses to children. It engages with the paradoxes of childhood in an era when young adults are increasingly economically dependent on their families and in a political context of heightened insecurity. The new edition includes an updated review of developments in psychological theory (in attachment, evolutionary psychology, theory of mind, cultural-historical approaches), as well as updating and reflecting upon the changed focus on fathers and fathering. It offers new perspectives on the connection between Piaget and Vygotsky and now connects much more closely with discussions from the sociology of childhood and critical educational Research. Coverage has been expanded to include more material on child rights debates and a new Chapter addresses practice dilemmas around child protection, which engages even more with the "raced" And gendered effects of current policies involving children. This engaging and accessible text provides key resources to inform better professional practice in social Work, education and health contexts. It offers critical insights into the politics and procedures that have shaped developmental psychological knowledge. It will be essential reading for anyone working with children, or concerned with policies around children and families. It was also be of interest to students at undergraduate and postgraduate levels across a range of professional and practitioner groups, as well as parents and policy makers.
650 ## - SUBJECT ADDED ENTRY--TOPICAL TERM
Source of heading or term Psychology
Topical term or geographic name entry element Developmental Psychology
9 (RLIN) 201965
942 ## - ADDED ENTRY ELEMENTS (KOHA)
Source of classification or shelving scheme Dewey Decimal Classification
Koha item type Book
Holdings
Withdrawn status Lost status Source of classification or shelving scheme Damaged status Not for loan Collection code Home library Current library Date acquired Source of acquisition Cost, normal purchase price Total Checkouts Full call number Barcode Date last seen Cost, replacement price Price effective from Koha item type
    Dewey Decimal Classification     Corporate Psychology St Aloysius PG Library St Aloysius PG Library 02/10/2025 Biblios Book Point 1596.00   155 BURD PG024882 02/22/2025 1995.00 02/22/2025 Book